[Event "Montigny le Bretonneux op 20th"]
[Site "Montigny le Bretonneux"]
[Date "2022.10.24"]
[Round "3"]
[White "Daele, Herve"]
[Black "Schwartz, Timothee"]
[Result "1/2-1/2"]
[WhiteElo "1591"]
[BlackElo "1334"]
[PlyCount "138"]
[EventDate "2022.10.22"]
[EventType "swiss"]
[EventRounds "9"]
[EventCountry "FRA"]
[SourceTitle "EXT 2024"]
[Source "ChessBase"]
[SourceDate "2023.10.10"]
[SourceVersion "1"]
[SourceVersionDate "2023.10.10"]
[SourceQuality "1"]

1. d4 Nf6 2. c4 g6 3. Nc3 Bg7 4. Nf3 d6 5. e3 0-0 6. g3 c5 7. d5 e6 8. Bg2 exd5 9. cxd5 Re8 10. 0-0 Nbd7 11. Bd2 a6 12. a4 b6 13. Rb1 Rb8 14. b4 c4 15. b5 Bb7 16. Nd4 Ne5 17. Qc2 a5 18. Qa2 Nfd7 19. f4 Ng4 20. Nc6 Bxc6 21. bxc6 Nc5 22. Nb5 Qf6 23. Rfe1 Ne4 24. Bxe4 Rxe4 25. Bc3 Qe7 26. Bxg7 Kxg7 27. Qa3 Rxe3 28. Rxe3 Qxe3+ 29. Qxe3 Nxe3 30. Nxd6 Nxd5 31. Nxc4 Rc8 32. Nxb6 Rb8 33. Rb5 Nxb6 34. c7 Rc8 35. Rxb6 Rxc7 36. Rb5 Ra7 37. Kf2 Kf6 38. Ke3 Ke6 39. Kd4 Kd6 40. Rc5 Ra6 41. Kc4 Ra7 42. g4 Ra8 43. g5 Ra7 44. Re5 Ra8 45. Kb5 Rc8 46. Re2 Rc5+ 47. Kb6 Rf5 48. Re4 Rd5 49. Rc4 Rf5 50. Rc6+ Kd7 51. Rf6 Rd5 52. Rxf7+ Ke6 53. Rxh7 Kf5 54. Rf7+ Kg4 55. Rf6 Kh5 56. Re6 Rd4 57. Kxa5 Rxf4 58. Re5 Rf5 59. Rxf5 gxf5 60. Kb6 f4 61. a5 f3 62. a6 f2 63. a7 f1Q 64. a8Q Qb1+ 65. Kc7 Qc2+ 66. Kd7 Qh7+ 67. Ke6 Qg6+ 68. Kd7 Qf7+ 69. Kd6 Qg6+ 1/2-1/2